The transformation is most marked by unapologetic interference in the natural landscape (Record no. 76669)

MARC details
000 -LEADER
fixed length control field 00738cab a2200181 4500
001 - CONTROL NUMBER
control field ##L132879
008 - FIXED-LENGTH DATA ELEMENTS--GENERAL INFORMATION
fixed length control field 060317n2006 000 0 eng u
035 ## - SYSTEM CONTROL NUMBER
System control number (Sirsi) u132879
041 0# - LANGUAGE CODE
Language code of text/sound track or separate title eng
100 1# - MAIN ENTRY--PERSONAL NAME
Personal name Ferguson, George
245 04 - TITLE STATEMENT
Title The transformation is most marked by unapologetic interference in the natural landscape
260 ## - PUBLICATION, DISTRIBUTION, ETC.
Date of publication, distribution, etc. 2006
490 #0 - SERIES STATEMENT
Series statement Architects' Journal
Volume/sequential designation (9)223 9 March 2006, 24-35(12)
520 ## - SUMMARY, ETC.
Summary, etc. Reports on the adaptation of a farmhouse and other buildings, and landscaping of grounds to create a wildlife sanctuary, in Devon. Contains costings and architectural drawings.
590 ## - LOCAL NOTE (RLIN)
Local note IKA280306
690 ## - LOCAL SUBJECT ADDED ENTRY--TOPICAL TERM (OCLC, RLIN)
Topical term or geographic name as entry element BUILT ENVIRONMENT-BUILDING MAINTENANCE AND REFURBISHMENT-BUILDING ADAPTATION
942 ## - ADDED ENTRY ELEMENTS (KOHA)
Suppress in OPAC 0
Holdings
Withdrawn status Lost status Source of classification or shelving scheme Damaged status Not for loan Home library Current library Shelving location Date acquired Total Checkouts Full call number Barcode Date last seen Copy number Price effective from Koha item type
    Dewey Decimal Classification     London London Journal article 17/03/2006   L132879 132879-1001 06/08/2019 1 06/08/2019 Journal article